Call of Duty: Black Ops 4 Zombies Maps - Statistics

General Stats
  • This quiz has been taken 13 times
  • The average score is 6 of 8
Answer Stats
Maps % Correct
Blood of the Dead
91%
Alpha Omega
82%
Ancient Evil
82%
IX
82%
Voyage of Despair
73%
Classified
64%
Dead of the Night
55%
Tag der Toten
55%
No matching quizzes found
Score Distribution
Percent of People with Each Score
Percentile by Number Answered
Your Score History
You have not taken this quiz